| 000 | 00000nam##2200000za#4500 |
| 001 | 9.625381 |
| 003 | CaOODSP |
| 005 | 20200421163359 |
| 007 | ta |
| 008 | 150406|2000||||xxc||||| f|0| 0 fre|d |
| 020 | |a0-662-85016-5 |
| 040 | |aCaOODSP|bfre |
| 043 | |an-cn--- |
| 086 | 1 |aNH18-23/65F |
| 110 | 2 |aSociété canadienne d'hypothèques et de logement. |
| 245 | 10|aModalités d'occupation non traditionnelles |
| 260 | |aOttawa - Ontario : |bSociété canadienne d'hypothèques et de logement |
| 300 | |a6p. ; |c28 cm. |
| 490 | 1 |aLe point en recherche. Série socio-économique |v65 |
| 563 | |aDépliant |
| 590 | |a00-35|b2000-09-01 |
| 691 | 07|aLogement|2gcpds |
| 775 | 08|tAlternate tenure arrangements |w(CaOODSP)9.615317 |
| 776 | 0#|tModalités d'occupation non traditionnelles |w(CaOODSP)9.602171 |
| 830 | #0|aLe point en recherche. Série socio-économique ;|v65|w(CaOODSP)9.513180 |
| 986 | |aLNH 2267 |